Five Nights at Freddys - All STAFF Bots - Statistics

General Stats
  • This quiz has been taken 14 times
  • The average score is 10 of 19
Answer Stats
In What Game Answer % Correct
Security Breach Mop Bot
90%
Security Breach Security Bot
90%
Security Breach Mapbot
80%
Ruin DLC Maskbot
80%
Security Breach Comedy Bot
60%
Security Breach STAFF Bot
60%
Security Breach Alien Bot
50%
Security Breach Attendant Bot
50%
Security Breach Chef Bot
50%
Security Breach Magician Bot
50%
Security Breach Party Bot
50%
Security Breach Alpha STAFF Bot
40%
Security Breach Driver Assistant Bot
40%
Security Breach Game Instructor Bot
40%
Ruin DLC Pin Collector Bot
40%
Security Breach Racer Bot
40%
Ruin DLC Ruined STAFF Bot
40%
Security Breach Sewer STAFF Bot
40%
Ruin DLC Worker Bot
40%
No matching quizzes found
Score Distribution
Percent of People with Each Score
Percentile by Number Answered
Your Score History
You have not taken this quiz